Drátenik. Zpěwohra we dwau dějstwich

Bibliographic Details
Main Author: Chmelenský, Josef (Author)
Format: Book
Language:English
PhysicalDescription:137 s.
Published: Praha Umělecká beseda 1927
Edition:1. vyd.

MARC

LEADER 00000nam a2200000 a 4500
001 vtls010447619
003 SK-MaSNL
005 20260302012529.0
008 240315 000 0 eng
040 |a SNK  |b slo  |c SNK  |e AACR2 
100 1 |a Chmelenský, Josef  |4 aut  |9 484188 
245 1 |a Drátenik.  |h Hudobnina  |b Zpěwohra we dwau dějstwich  |c Josef Chmelenský hudba od Františka Štraupa (1801-1862) 
250 |a 1. vyd. 
260 |a Praha  |b Umělecká beseda  |c 1927  |e Praha  |f Průmyslová tiskárna 
300 |a 137 s. 
500 |a Hudobnina 
999 |c 1009869  |d 1011799 
952 |a SNK  |b SNK  |y VYP  |7 0  |p 17A0888570  |o snkHIC 330  |i snkK 913/68  |8 3  |0 0  |1 0  |4 0  |d 2012-09-11  |l 0  |r 2026-02-24 12:48:56  |w 2026-02-24